|
|
|
|
| LEADER |
01677nam a2200421 a 4500 |
| 001 |
EBC3012479 |
| 003 |
MiAaPQ |
| 005 |
20200520144314.0 |
| 006 |
m o d | |
| 007 |
cr cn||||||||| |
| 008 |
060731s2005 dcua sbs 000 0 eng d |
| 010 |
|
|
|z 2006279829
|
| 020 |
|
|
|z 1589064887
|
| 035 |
|
|
|a (MiAaPQ)EBC3012479
|
| 035 |
|
|
|a (Au-PeEL)EBL3012479
|
| 035 |
|
|
|a (CaPaEBR)ebr10300264
|
| 035 |
|
|
|a (OCoLC)926453870
|
| 040 |
|
|
|a MiAaPQ
|c MiAaPQ
|d MiAaPQ
|
| 043 |
|
|
|a fb-----
|
| 050 |
|
4 |
|a HC800
|b .R4295 2005 suppl.
|
| 082 |
0 |
4 |
|a 330.967
|2 22
|
| 245 |
0 |
0 |
|a Regional economic outlook
|h [electronic resource] :
|b Sub-Saharan Africa.
|p Supplement.
|
| 246 |
3 |
0 |
|a Sub-Saharan Africa
|
| 260 |
|
|
|a Washington, D.C. :
|b International Monetary Fund,
|c c2005.
|
| 300 |
|
|
|a v, 48 p. :
|b col. ill.
|
| 490 |
1 |
|
|a World economic and financial surveys,
|x 0258-7440
|
| 500 |
|
|
|a "October 2005."
|
| 500 |
|
|
|a Issues for 2006- cataloged as a serial in LC.
|5 DLC
|
| 504 |
|
|
|a Includes bibliographical references (p. 48).
|
| 505 |
0 |
|
|a Overview -- Developments in 2005 -- Prospects for 2006 -- Appendix -- Statistical appendix.
|
| 533 |
|
|
|a Electronic reproduction. Ann Arbor, MI : ProQuest, 2015. Available via World Wide Web. Access may be limited to ProQuest affiliated libraries.
|
| 651 |
|
0 |
|a Africa, Sub-Saharan
|x Economic conditions.
|
| 651 |
|
0 |
|a Africa, Sub-Saharan
|x Economic conditions
|v Statistics.
|
| 655 |
|
4 |
|a Electronic books.
|
| 710 |
2 |
|
|a International Monetary Fund.
|
| 710 |
2 |
|
|a ProQuest (Firm)
|
| 830 |
|
0 |
|a World economic and financial surveys.
|
| 856 |
4 |
0 |
|u https://ebookcentral.proquest.com/lib/matrademy/detail.action?docID=3012479
|z Click to View
|